Berta vive, la lucha sigue/

Gardado en:
Detalles Bibliográficos
Autor Corporativo: Alianza Biodiversidad
Formato: Libro
Idioma:Spanish
Etiquetas: Engadir etiqueta
Sen Etiquetas, Sexa o primeiro en etiquetar este rexistro!

MARC

LEADER 00000nam a22000007a 4500
003 cru CIDCACS/IIS
005 20181031134727.0
007 ta
008 181031s2016 uy |||p|r||||||0| ||spa|d
999 |c 41860  |d 41860 
040 |c cru CIDCACS/IIS 
110 2 |9 7888  |a Alianza Biodiversidad 
245 1 |a Berta vive, la lucha sigue/  |c Alianza Biodiversidad 
300 |a páginas 23-26:  |b fotos 
773 0 |0 41050  |9 1917  |a Red de Ecología Social (Uruguay)  |d Uruguay: REDES-AT; GRAIN  |o 18893  |t Biodiversidad:  |x 07977888X 
942 |2 ddc  |c PP